| 000 | 01242nam a2200241Ia 4500 | ||
|---|---|---|---|
| 003 | Ost | ||
| 005 | 20260507075737.0 | ||
| 008 | 260507s9999||||xx |||||||||||||| ||und|| | ||
| 020 | _a9960245527 | ||
| 040 | _cfsecg | ||
| 041 | _aara | ||
| 082 | _a370.118 | ||
| 100 |
_aكنج، نيجل _eمؤلف |
||
| 245 | 0 |
_aإدارة أنشطة الابتكار والتغيير : _bدليل انتقادي للمنظمات / _c نيجل كنج |
|
| 260 |
_aالرياض: _bدار المريخ للنشر, _c2004 |
||
| 300 |
_a342 صفحة؛ _bإيضاحات ؛ _c24 سم |
||
| 504 | _aاالأشكال الإيضاحية ص.11 ؛صناديق المعلومات ص.13 الجداول ص.12 | ||
| 520 | _aتدعيم الإبداع في العمل،المناهج السيكولوجية للإبداع،الإبتكار والسيكولوجيا الإجتماعية للجماعات،الخبرة السابقة للإبتكار في المنظمة،عملية الإبتكار،تطوير المنظمة،مقاومة التغيير،الإتجاهات المستقبلية للتطبيق والبحث | ||
| 653 | _aالابتكار | ||
| 653 | _aالابداع | ||
| 700 |
_aأندرسون، نيل _eمؤلف ثانوي |
||
| 942 | _cكتاب | ||
| 999 |
_c46096 _d46096 |
||